书目信息 |
| 题名: |
学前儿童发展心理学
|
|
| 作者: | 罗家英 主编 | |
| 分册: | ||
| 出版信息: | 北京 科学出版社 2011 |
|
| 页数: | 275页 | |
| 开本: | 26cm | |
| 丛书名: | ||
| 单 册: | ||
| 中图分类: | B844.12 | |
| 科图分类: | ||
| 主题词: | 学前儿童--儿童心理学--发展心理学--高等教育--教材 | |
| 电子资源: | ||
| ISBN: | 978-7-03-030846-7 | |
| 000 | 00881nam0 2200253 450 | |
| 001 | 338701 | |
| 005 | 20150603150825.76 | |
| 010 | @a978-7-03-030846-7@dCNY31.00 | |
| 100 | @a20110706d2011 em y0chiy50 ea | |
| 101 | 0 | @achi |
| 102 | @aCN@b110000 | |
| 105 | @aa z 000yy | |
| 106 | @ar | |
| 200 | 1 | @a学前儿童发展心理学@Axue qian er tong fa zhan xin li xue@f罗家英主编 |
| 205 | @a第2版 | |
| 210 | @a北京@c科学出版社@d2011 | |
| 215 | @a275页@c图@d26cm | |
| 300 | @a高等教育“十二五”规划教材 学前教育专业系列教材 | |
| 330 | @a本书内容包括: 学前儿童心理发展的基本理论问题、学前儿童生理的发展、学前儿童动作和活动的发展、学前儿童感知觉的发展、学前儿童记忆的发展等。 | |
| 606 | 0 | @a学前儿童@x儿童心理学@x发展心理学@x高等教育@j教材 |
| 690 | @aB844.12@v5 | |
| 701 | 0 | @a罗家英@Aluo jia ying@f(1952.11)@4主编 |
| 801 | 0 | @aCN@b卓展宏图@c20150525 |
| 905 | @dB844.12@e1260=2@f4 | |
| 学前儿童发展心理学/罗家英主编.-第2版.-北京:科学出版社,2011 |
| 275页:图;26cm |
| 高等教育“十二五”规划教材 学前教育专业系列教材 |
| ISBN 978-7-03-030846-7:CNY31.00 |
| 本书内容包括: 学前儿童心理发展的基本理论问题、学前儿童生理的发展、学前儿童动作和活动的发展、学前儿童感知觉的发展、学前儿童记忆的发展等。 |
| ● |
| 相关链接 |
|
|
|
|
正题名:学前儿童发展心理学
索取号:B844.12/1260=2
 
预约/预借
| 序号 | 登录号 | 条形码 | 馆藏地/架位号 | 状态 | 备注 |
| 1 | 860179 | 208601798 | 第一样本阅览室/ [索取号:B844.12/1260=2] | 在馆 | |
| 2 | 860180 | 208601805 | 第一借阅区/ [索取号:B844.12/1260=2] | 在馆 | |
| 3 | 860181 | 208601814 | 第一借阅区/ [索取号:B844.12/1260=2] | 在馆 | |
| 4 | 860182 | 208601823 | 教育系资料室/ [索取号:B844.12/1260=2] | 在馆 |